Catalog

Record Details

Catalog Search



Walking shadow  Cover Image Book Book

Walking shadow / Robert B. Parker.

Record details

  • ISBN: 0399139206
  • ISBN: 0399139613
  • ISBN: 0425147746
  • Physical Description: 270 pages ; 24 cm.
  • Publisher: New York : Putnam's, c1994.
Subject: Spenser (Fictitious character).
Private investigators > Massachusetts > Boston > Fiction.
Boston (Mass.) > Fiction.
Detective and mystery stories.

Available copies

  • 1 of 1 copy available at scottsboropl.

Holds

  • 0 current holds with 1 total copy.
Show Only Available Copies
Location Call Number / Copy Notes Barcode Shelving Location Status Due Date
scottsboropl F Par 32269000399611 Adult - Fiction Available -

LDR 00908cam a2200289 a 4500
001118517
003CONS
00520140703092816.0
008940125s1994 nyu 000 1 eng
010 . ‡a 94005127
020 . ‡a0399139206
020 . ‡a0399139613
020 . ‡a0425147746
035 . ‡a(CPomAG)LMN321309
043 . ‡an-us-ma
05000. ‡aPS3566.A686 ‡bW35 1994
08200. ‡a813/.54 ‡220
1001 . ‡aParker, Robert B., ‡d1932-2010.
24510. ‡aWalking shadow / ‡cRobert B. Parker.
260 . ‡aNew York : ‡bPutnam's, ‡cc1994.
300 . ‡a270 pages ; ‡c24 cm.
650 0. ‡aSpenser (Fictitious character).
650 0. ‡aPrivate investigators ‡zMassachusetts ‡zBoston ‡vFiction.
651 0. ‡aBoston (Mass.) ‡vFiction.
650 0. ‡aDetective and mystery stories.
959 . ‡i32269000399611 ‡lF Par ‡aAdult - Fiction ‡tFiction ‡g19.95
852 . ‡p32269000399611 ‡jF Par ‡gAdult - Fiction ‡cFiction ‡y19.95 ‡bSBPL
901 . ‡a118517 ‡bUnknown ‡c118517 ‡tbiblio

Additional Resources